Prácticas, métodos y reflexiones para una educación musical transformadora /

Zapisane w:
Opis bibliograficzny
Kolejni autorzy: Ossa-Martínez, Marco Antonio de la (Redaktor), Arnau-Mollá, Antonio Francisco (autor.), Romero-Naranjo, Francisco Javier (autor.), Bassi Arce, Guilherme Luis (autor.), Rodríguez-Quiles, José A. (autor.)
Format: E-book
Język:hiszpański
Wydane: Madrid : Narcea Ediciones, 2025.
Seria:Nuevas Aportaciones.
Hasła przedmiotowe:
Dostęp online:https://elibro.unach.elogim.com/es/lc/unach/titulos/285067
Etykiety: Dodaj etykietę
Nie ma etykietki, Dołącz pierwszą etykiete!

MARC

LEADER 00000nam a2200000 i 4500
001 ELB285067
003 FINmELB
005 20250803153000.0
006 m o d |
007 cr cnu||||||||
008 250725s2025 sp o 001 0 spa d
020 |a 9788427732674  |q (print) 
020 |a 9788427732681  |q (e-book) 
035 |a (OCoLC)1534154917 
040 |a FINmELB  |b spa  |e rda  |c FINmELB 
050 4 |a MT1  |b O77 2025 
080 |a 78.07 
082 1 |a 780.71  |2 23 
245 0 0 |a Prácticas, métodos y reflexiones para una educación musical transformadora /  |c Marco Antonio de la Ossa-Martínez (editor) ; Antonio Francisco Arnau-Mollá, Francisco Javier Romero-Naranjo, Guilherme Luis Bassi Arce, José A. Rodríguez-Quiles, Luis Bouille de Vicente, Narciso José López García, Joaquín López Palacios, José Miguel Campos López, María del Valle De Moya Martínez, Jonnathan El Barouki Luncz, Alfonso Elorriaga, Javier García Cembelín, Silvia Gómez Martínez, Omar León Jiménez, Cristina Llabrés González, Isabel María Montaraz Moral, Saray Prados Bravo. 
264 1 |a Madrid :  |b Narcea Ediciones,  |c 2025. 
300 |a 1 recurso en línea (286 páginas) 
336 |a texto  |b txt  |2 rdacontent/spa 
337 |a computadora  |b c  |2 rdamedia/spa 
338 |a recurso en línea  |b cr  |2 rdacarrier/spa 
490 1 |a Nuevas Aportaciones 
500 |a Incluye índice. 
588 |a Descripción basada en metadatos suministrados por el editor y otras fuentes. 
590 |a Recurso electrónico. Santa Fe, Arg.: elibro, 2025. Disponible vía World Wide Web. El acceso puede estar limitado para las bibliotecas afiliadas a elibro. 
650 4 |a Educación musical. 
650 4 |a Innovaciones educativas. 
650 4 |a Música  |x Estudio y enseñanza. 
655 4 |a Libros electrónicos. 
700 1 |a Ossa-Martínez, Marco Antonio de la,  |e editor. 
700 1 |a Arnau-Mollá, Antonio Francisco,  |e autor. 
700 1 |a Romero-Naranjo, Francisco Javier,  |e autor. 
700 1 |a Bassi Arce, Guilherme Luis,  |e autor. 
700 1 |a Rodríguez-Quiles, José A.,  |e autor. 
797 2 |a elibro, Corp. 
830 0 |a Nuevas Aportaciones. 
856 4 0 |u https://elibro.unach.elogim.com/es/lc/unach/titulos/285067